| 000 | 00416nam a2200193Ia 4500 | ||
|---|---|---|---|
| 001 | 12025 | ||
| 003 | GE_BSU | ||
| 008 | 181216s||||||||xx |||||||||||||| ||und|| | ||
| 040 | _cGE_BSU | ||
| 080 | _a821.111-32 | ||
| 100 | _aForbes,Bryan | ||
| 245 | 4 | _aThe twisted playground. | |
| 260 | _aLondon | ||
| 260 | _bBCA. | ||
| 260 | _c1993. | ||
| 300 | _a290p;20cm. | ||
| 653 | _aThe twisted playground. | ||
| 942 | _cBK | ||
| 999 |
_c45202 _d45202 |
||